01218nam a2200313Ia 450000500170000000800410001702000190005810000270007724501330010425000230023730000610026049000230032152100610034453400260040565000520043165000560048365000390053965000370057870000520061570000400066794200150070726400330072233600270075533700330078233800280081504000350084308400110087899900150088920220317001027.0160825s2003 ck a g 000 0 spa  a9789583001501213aTwain, Markd1835-191013aEl príncipe y el mendigocMark Twain ; ilustraciones Patricia Castro, Jorge Ávila ; traducción Jorge Enrique Acosta Arango a5a. reimpresión  a344 páginas bilustraciones en blanco y negro c20 cm  aLiteratura juvenil aRecomendado para un público juvenil mayor de 13 años tPrince and the pauper142LEMBaNovela juvenil estadounidense ySiglo XIX142LEMBaLiteratura juvenil estadounidense ySiglo XIX142LEMBaPríncipes en la literatura142LEMBaMendigos en la lilteratura1 aÁvila, Jorge Alberto Castro, Patricia 9646121 aAcosta Arango, Jorge Enrique964613 2loccBKLIT aBogotábPanamericanac2003 atextobtxt2rdacontent asin mediaciónbn2rdamedia avolumenbnc2rdacarrier aCO-BoRNBPbspaerdacCO-BoRNBP aN TWA1 c5711d5711